| 000 | 01363naa a22003617a 4500 | ||
|---|---|---|---|
| 001 | BR8401272 | ||
| 003 | BR-BrBNA | ||
| 005 | 20240918175421.0 | ||
| 007 | ta | ||
| 008 | 230509b bl.||||| |||| 00| 0 por d | ||
| 040 |
_aBR-BrBNA _bpor _cBiblioteca Nacional de Agricultura |
||
| 041 | _a(Pt) | ||
| 072 |
_aT00 _b3862 _bG514 |
||
| 090 | _aT00 BR8401272 | ||
| 100 | 1 | _aMendes, J.M.O. | |
| 111 | 1 |
_a2. Seminario Tecnico sobre Meio Ambiente _cSao Paulo, SP (Brazil) _d15-17 Aug 1983 |
|
| 245 | 1 | _aResiduos solidos e perigosos [lixo urbano, lixo industrial, poluicao, preservacao ambiental, Brasil] | |
| 246 | 1 | _a[Solid and dangerous residues [urban waste, industrial waste, pollution, environment preservation, Brazil]] | |
| 246 | 1 | _a[Annals of the 2. Expert Seminar on Environment] | |
| 260 | 3 |
_aSao Paulo, SP (Brasil): _c1983. |
|
| 500 | _aAnais do 2. Seminario Tecnico sobre Meio Ambiente Sao Paulo, SP (Brasil): 1983. p. 40-65 (BR8401272-AM)T00 | ||
| 650 | _aRESIDUO INDUSTRIAL | ||
| 650 | _aLIXO RADIOATIVO | ||
| 650 | _aPOLUICAO | ||
| 650 | _aMEIO AMBIENTE | ||
| 650 | _aSOLO | ||
| 650 | _aCONSERVACAO | ||
| 650 | _aTRATAMENTO | ||
| 650 | _aTOXIDEZ | ||
| 773 | 0 |
_tAnais do 2. Seminario Tecnico sobre Meio Ambiente _wT00 BR8401272 _gSao Paulo, SP (Brasil), 1983. p. 40-65 |
|
| 909 |
_a202404 _bLucia _c55 _dLucia Elande |
||
| 942 |
_cAM _2AGRIS |
||
| 999 |
_c316600 _d316600 |
||